Yellow flags - sudden death - Statistics

General Stats
  • This quiz has been taken 44 times
  • The average score is 10 of 17
Answers on the Grid
Answers color-coded by a green-red scale on the quiz's grid according to % correct below.
Ukraine
Angola
United Kingdom
Comoros
Greenland
Brazil
East Timor
Morocco
Haiti
Jamaica
Australia
Mozambique
Palau
Hungary
Italy
China
Brunei
Japan
St Lucia
Ivory Coast
Belgium
Togo
Vatican City
Madagascar
Chile
Grenada
São Tomé and Príncipe
Laos
Uzbekistan
Guyana
 
Answer Stats
Answer % Correct
Ukraine
97%
Brazil
88%
Jamaica
81%
Belgium
66%
Vatican City
66%
Angola
59%
China
59%
St Lucia
56%
Guyana
53%
Mozambique
53%
Palau
53%
Comoros
50%
East Timor
50%
Brunei
47%
Grenada
47%
Togo
47%
São Tomé and Príncipe
44%
No matching quizzes found
Score Distribution
Percent of People with Each Score
Percentile by Number Answered
Your Score History
You have not taken this quiz